Contos para dormir (Record no. 45356)
[ view plain ]
| 000 -Etiqueta do registo | |
|---|---|
| Valores | 00662nam a2200229 4500 |
| 010 ## - Número ISBN | |
| ISBN | 9789896333447 |
| 021 ## - Número do Depósito Legal | |
| Número | 306872/10 |
| 100 ## - Dados gerais de processamento | |
| Dados gerais | 20130703d2010 c y0pory50030103ba |
| 101 0# - Língua de publicação | |
| Língua | por |
| 102 ## - País de publicação | |
| País | PT |
| 200 1# - Titulo e menção de responsabilidade | |
| Título próprio | Contos para dormir |
| Primeira menção de responsabilidade | il. Juan Vernet Gargallo |
| Outras menções de responsabilidade | trad. e adapt. Ana Paula Salvador |
| -- | rev. Luís Candeias |
| 210 #9 - Publicação | |
| Local de publicação | Sintra |
| Nome do editor | Girassol, |
| Data de publicação | D.L. 2010 |
| 215 ## - Descrição física | |
| Paginação / Volumes | 520, [2] p. |
| Outras indicações físicas | muito il. |
| Dimensões | 18 cm |
| 225 2# - Colecção | |
| Título próprio da colecção | Contos para adormecer |
| 675 ## - CDU | |
| Notação | 087.5 |
| Edição | BN |
| Língua | por |
| 702 #1 - Autor secundário | |
| ID Autoridade | 3 |
| Apelido | Vernet, |
| Nome | Juan |
| Função | 440 |
| 702 #1 - Autor secundário | |
| Apelido | Candeias, |
| Nome | Luís |
| Função | 675 |
| 702 #1 - Autor secundário | |
| Apelido | Salvador, |
| Nome | Ana Paula |
| Função | 730 |
| 801 #0 - Fonte de origem | |
| País | PT |
| Agência | BN |
| Regras de catalogação | RPC |
| 990 ## - Elementos KOHA | |
| Tipo de documento | Livro |
| Aquisição | Empréstimo | Código de barras | Cota | Permissão de empréstimo | Tipo de documento |
|---|---|---|---|---|---|
| Biblioteca Municipal de Redondo | Biblioteca Municipal de Redondo | 056114 | 82-93 GAR | Livro |